[Event "DEN-ch cand"]
[Site "Skorping"]
[Date "2014.04.19"]
[Round "5"]
[White "Andersen, Soren Mikkel"]
[Black "Dreisler, Tobias"]
[Result "1/2-1/2"]
[WhiteElo "2099"]
[BlackElo "2093"]
[PlyCount "145"]
[EventDate "2014.04.15"]
[EventType "swiss"]
[EventRounds "7"]
[EventCountry "DEN"]
[SourceTitle "EXT 2023"]
[Source "ChessBase"]
[SourceDate "2022.10.05"]
[SourceVersion "1"]
[SourceVersionDate "2022.10.05"]
[SourceQuality "1"]

1. d4 Nf6 2. c4 c5 3. d5 b5 4. cxb5 a6 5. f3 e6 6. e4 exd5 7. e5 Qe7 8. Qe2 Ng8 9. Nc3 Bb7 10. Nh3 c4 11. Nf4 Qc5 12. Nfxd5 Bxd5 13. Be3 Qb4 14. a3 Qa5 15. Bd2 Be6 16. Nd5 Qd8 17. Qxc4 Ra7 18. b6 Bxd5 19. bxa7 Bxc4 20. a8Q Bxf1 21. Kxf1 Ne7 22. Kf2 Qb6+ 23. Ke2 Nec6 24. Bc3 Be7 25. Rhd1 0-0 26. a4 Rc8 27. Rxd7 Rc7 28. Rxc7 Qxc7 29. Kf1 h5 30. Rd1 Bc5 31. Rd5 Ba7 32. a5 Qe7 33. g3 f6 34. Rd6 Qc7 35. Rxc6 Qxc6 36. Qxa7 Qxf3+ 37. Qf2 Qh1+ 38. Ke2 fxe5 39. Bxe5 Nc6 40. Bc3 Qe4+ 41. Qe3 Qg2+ 42. Kd3 Qd5+ 43. Kc2 Nxa5 44. Qd3 Qg2+ 45. Kb1 Nc6 46. Qxa6 Qh1+ 47. Ka2 Qe4 48. Qb5 Kf8 49. Qc5+ Kg8 50. Kb3 Qf3 51. Ka4 Nd8 52. Qc8 Qd1+ 53. Kb5 Kh7 54. Qf5+ Kg8 55. Qe5 Qd7+ 56. Kc4 Ne6 57. Qd5 Qa4+ 58. Kd3 Qe8 59. b4 Qf7 60. Kc4 Qf1+ 61. Kb3 Qf7 62. b5 Nd4+ 63. Kc4 Qxd5+ 64. Kxd5 Nxb5 65. Be5 Kf7 66. Kc5 Na7 67. Kd6 Nc8+ 68. Kd7 Ne7 69. Bxg7 Kxg7 70. Kxe7 h4 71. Ke6 hxg3 72. hxg3 Kg6 73. g4 1/2-1/2

[Event "Nordic-ch U15"]
[Site "Billund"]
[Date "2014.02.16"]
[Round "6"]
[White "Bit Narva, David"]
[Black "Dreisler, Tobias"]
[Result "0-1"]
[WhiteElo "1882"]
[BlackElo "1974"]
[PlyCount "84"]
[EventDate "2014.02.14"]
[EventType "swiss"]
[EventRounds "6"]
[EventCountry "DEN"]
[SourceTitle "EXT 2024"]
[Source "ChessBase"]
[SourceDate "2023.10.10"]
[SourceVersion "1"]
[SourceVersionDate "2023.10.10"]
[SourceQuality "1"]

1. d4 Nf6 2. Nc3 d5 3. Bg5 Nbd7 4. Qd3 g6 5. f3 h6 6. Bh4 Bg7 7. e4 dxe4 8. fxe4 Nb6 9. Nf3 0-0 10. 0-0-0 c6 11. h3 Be6 12. g4 Qc7 13. g5 Qf4+ 14. Kb1 Bc4 15. Qd2 hxg5 16. Qxf4 gxf4 17. e5 Nfd5 18. Nxd5 Bxd5 19. Be2 f6 20. Rhg1 Kf7 21. Rg4 Bh6 22. Nd2 g5 23. Bf2 Be6 24. Rg2 Bxh3 25. Rh2 g4 26. Bxg4 Bxg4 27. Rg1 Bf5 28. Rxh6 fxe5 29. dxe5 Rg8 30. Rf1 Nd5 31. Nf3 Rh8 32. Rxh8 Rxh8 33. Bxa7 b6 34. Nd4 e6 35. Nxf5 exf5 36. c4 Ne3 37. Rc1 f3 38. Bxb6 f4 39. e6+ Kxe6 40. Bxe3 fxe3 41. Re1 e2 42. Kc2 Rd8 0-1

[Event "Nordic-ch U15"]
[Site "Billund"]
[Date "2014.02.15"]
[Round "4"]
[White "Djurhuus, Eivind X"]
[Black "Dreisler, Tobias"]
[Result "0-1"]
[WhiteElo "1963"]
[BlackElo "1974"]
[PlyCount "58"]
[EventDate "2014.02.14"]
[EventType "swiss"]
[EventRounds "6"]
[EventCountry "DEN"]
[SourceTitle "EXT 2024"]
[Source "ChessBase"]
[SourceDate "2023.10.10"]
[SourceVersion "1"]
[SourceVersionDate "2023.10.10"]
[SourceQuality "1"]

1. e4 c5 2. Nf3 d6 3. Bb5+ Bd7 4. Bxd7+ Qxd7 5. 0-0 Nc6 6. Qe2 Nf6 7. Rd1 Rc8 8. c3 e6 9. d4 cxd4 10. cxd4 d5 11. e5 Ne4 12. Nbd2 Nxd2 13. Bxd2 Be7 14. Bg5 Bxg5 15. Nxg5 h6 16. Nf3 0-0 17. Nh4 Rc7 18. Rd3 Qe7 19. g3 Rfc8 20. a3 Na5 21. Rad1 Rc2 22. R3d2 Qc7 23. Qd3 Rxd2 24. Rxd2 Qc1+ 25. Kg2 Nb3 26. Re2 Qc4 27. Re3 Nxd4 28. Qd1 Nc2 29. Rd3 Ne1+ 0-1

[Event "NED-ch U20 op"]
[Site "Borne"]
[Date "2013.08.07"]
[Round "5"]
[White "Dreisler, Tobias"]
[Black "Verhoef, Pieter"]
[Result "1/2-1/2"]
[WhiteElo "1949"]
[BlackElo "1804"]
[PlyCount "100"]
[EventDate "2013.08.05"]
[EventType "swiss"]
[EventRounds "9"]
[EventCountry "NED"]
[SourceTitle "EXT 2015"]
[Source "ChessBase"]
[SourceDate "2014.11.20"]
[SourceVersion "1"]
[SourceVersionDate "2014.11.20"]
[SourceQuality "1"]

1. e4 e5 2. Nf3 Nf6 3. Nc3 Bb4 4. a3 Bxc3 5. dxc3 Nxe4 6. Qd5 Nf6 7. Qxe5+ Qe7 8. Qxe7+ Kxe7 9. Bf4 d6 10. 0-0-0 Re8 11. Bb5 Bd7 12. Rhe1+ Kf8 13. Rxe8+ Kxe8 14. Bd3 Nc6 15. c4 Kf8 16. c5 dxc5 17. Bxc7 Kg8 18. Ne5 Nxe5 19. Bxe5 Ng4 20. Bg3 Bc6 21. Bf5 Nf6 22. f3 g6 23. Bd3 Re8 24. Bc4 Nd7 25. Re1 Rxe1+ 26. Bxe1 Nb6 27. Bd3 Nd5 28. Kd2 Nf4 29. Bf1 h5 30. Bf2 Ne6 31. Bc4 a6 32. Ke3 Kf8 33. Be1 Nd4 34. Kd3 Bd7 35. Bf2 Bf5+ 36. Kd2 Ke7 37. h3 Be6 38. Bxe6 Nxe6 39. Bg3 Nd4 40. Kd3 Kd7 41. Bf2 Ne6 42. Ke4 f6 43. Bh4 Ke7 44. Bg3 Kd7 45. Kd5 b6 46. c3 Ng7 47. Bf4 Ne6 48. Bb8 Ng7 49. g3 Nf5 50. Bf4 Ne7+ 1/2-1/2

[Event "Praesto Friends vs Talents"]
[Site "Praesto"]
[Date "2013.06.08"]
[Round "1.7"]
[White "Dreisler, Tobias"]
[Black "Jensen, Morten Frank"]
[Result "0-1"]
[WhiteElo "1932"]
[BlackElo "2034"]
[PlyCount "94"]
[EventDate "2013.06.08"]
[EventType "team-match"]
[EventRounds "1"]
[EventCountry "DEN"]
[SourceTitle "EXT 2018"]
[Source "ChessBase"]
[SourceDate "2017.10.13"]
[SourceVersion "1"]
[SourceVersionDate "2017.10.13"]
[SourceQuality "1"]
[WhiteTeam "Talents"]
[BlackTeam "Praesto and friends"]
[WhiteTeamCountry "DEN"]
[BlackTeamCountry "DEN"]

1. e4 g6 2. d4 Bg7 3. Nc3 c5 4. Nge2 cxd4 5. Nxd4 Nc6 6. Be3 Nf6 7. Bc4 Qa5 8. 0-0 0-0 9. Bb3 d6 10. h3 Rd8 11. Qd2 Nxd4 12. Qxd4 Ng4 13. Qd5 Qxd5 14. Nxd5 Nxe3 15. Nxe7+ Kh8 16. fxe3 Be6 17. c3 Rd7 18. Nd5 Be5 19. Ba4 Rdd8 20. Nc7 Rab8 21. Nxe6 fxe6 22. Bb3 Kg7 23. Bxe6 Rf8 24. Rf3 Rf6 25. Bd5 b6 26. Kf2 Rbf8 27. Ke2 g5 28. Raf1 Kg6 29. Kd3 Rc8 30. a4 Rc5 31. Rc1 a5 32. Rc2 h5 33. Rcf2 Rc8 34. Rf1 Rc5 35. Rxf6+ Bxf6 36. Rf5 h4 37. Be6 Be5 38. Rf7 b5 39. axb5 Rxb5 40. b3 Rc5 41. Bd5 Rxd5+ 42. exd5 Kxf7 43. c4 Kf6 44. Ke4 Bb2 45. c5 dxc5 46. d6 Ke6 47. d7 Kxd7 0-1

[Event "Nordic School-ch U13"]
[Site "Espoo"]
[Date "2012.02.19"]
[Round "6"]
[White "Johannesson, Kristofer Joel"]
[Black "Dreisler, Tobias"]
[Result "0-1"]
[WhiteElo "1460"]
[BlackElo "1830"]
[PlyCount "38"]
[EventDate "2012.02.17"]
[EventType "swiss"]
[EventRounds "6"]
[EventCountry "FIN"]
[SourceTitle "EXT 2022"]
[Source "ChessBase"]
[SourceDate "2021.10.06"]
[SourceVersion "1"]
[SourceVersionDate "2021.10.06"]
[SourceQuality "1"]

1. e4 c5 2. c3 g6 3. Nf3 Bg7 4. d4 cxd4 5. cxd4 d5 6. e5 Bg4 7. Nc3 Nc6 8. Bb5 Nh6 9. h3 Bxf3 10. Qxf3 Nf5 11. Qxd5 Qxd5 12. Nxd5 0-0-0 13. Bxc6 bxc6 14. Nb4 Nxd4 15. 0-0 a5 16. Na6 Bxe5 17. Be3 Rd5 18. Bxd4 Bxd4 19. Rac1 Kb7 0-1

[Event "Nordic School-ch U13"]
[Site "Espoo"]
[Date "2012.02.19"]
[Round "5"]
[White "Thorgeirsson, Jon Kristinn"]
[Black "Dreisler, Tobias"]
[Result "1-0"]
[WhiteElo "1712"]
[BlackElo "1830"]
[PlyCount "65"]
[EventDate "2012.02.17"]
[EventType "swiss"]
[EventRounds "6"]
[EventCountry "FIN"]
[SourceTitle "EXT 2022"]
[Source "ChessBase"]
[SourceDate "2021.10.06"]
[SourceVersion "1"]
[SourceVersionDate "2021.10.06"]
[SourceQuality "1"]

1. Nf3 d5 2. c4 e6 3. cxd5 exd5 4. d4 Nf6 5. Nc3 c6 6. Bg5 Be7 7. e3 0-0 8. Bd3 Nbd7 9. Qc2 Re8 10. 0-0 Nf8 11. Rfe1 Ng6 12. Bxf6 Bxf6 13. e4 Bg4 14. e5 Be7 15. Bxg6 hxg6 16. Qd3 Qb6 17. a3 Bxf3 18. gxf3 a5 19. f4 Bh4 20. Na4 Qd8 21. Qh3 g5 22. f5 Qc8 23. Nb6 Qc7 24. Nxa8 Rxa8 25. Re2 Kf8 26. Rae1 Ke7 27. Qf3 Rh8 28. f6+ Kf8 29. fxg7+ Kxg7 30. Qf6+ Kg8 31. e6 g4 32. exf7+ Kh7 33. Qxh8+ 1-0